Top 15 des pays avec les décès de Covid-19 - 5 janvier 2022 - Statistiques

Statistiques générales
  • Ce quiz a été pris 37 fois
  • Le résultat moyen est 11 sur 27
Statistiques - réponses
pays % Correct
Etats-Unis
100%
France
94%
Italie
86%
Inde
78%
Russie
78%
Allemagne
72%
Brésil
67%
Royaume-Uni
67%
Argentine
64%
Mexique
64%
Pologne
47%
Colombie
44%
Pérou
42%
Indonésie
33%
Roumanie
28%
Iran
22%
Hongrie
17%
Tchèquie
14%
Slovaquie
11%
Arménie
8%
Slovénie
8%
Bosnie-Herzégovine
6%
Bulgarie
6%
Croatie
6%
Géorgie
6%
Lituanie
6%
Macédoine du Nord
3%
Aucun quiz correspondant
Distribution des résultats
% des personnes avec chaque résultat
Percentile par nombre de réponses
Votre historique - résultats
Vous n’avez pas pris ce quiz